| 000 | 00736nam a22002057a 4500 | ||
|---|---|---|---|
| 003 | IIN | ||
| 005 | 20250826125039.0 | ||
| 008 | 250826s2025 |||ad||| |||| 00| 0 eng d | ||
| 020 | _a9789394624108 | ||
| 040 | _aIIN | ||
| 082 |
_a610.73 _bDEY |
||
| 100 | _aDey, Mamita | ||
| 245 |
_aReady Reference for General Nursing and Midwifery _bSecond Year Solved Questions and Answers (2014-2023) (Supplement Copy) _cMamita Dey |
||
| 246 | _aReady Reference for General Nursing and Midwifery | ||
| 260 |
_aKolkata _bAnanda Publications _c2025 |
||
| 300 |
_a461 p. _bill. |
||
| 500 | _aSubjects Covered : Medical Surgical - I, Medical Surgical - II, Mental Health Nursing, Paediatric Nursing | ||
| 650 |
_aNursing _vGNM _xReference |
||
| 942 | _cBOOK | ||
| 999 |
_c1871 _d1871 |
||